000 00357nam a2200145Ia 4500
008 230917s9999||||xx |||||||||||||| ||und||
040 _e240472
_aMAIN
041 _aEnglish
082 _a181.4 T188D
100 _aKishor, Shyamal
245 0 _aDarshan: Ek punaravalokan
260 _aJodhpur
_bRoyal Publications
_c2017
300 _a464 p.
942 _cBK
999 _c168542
_d168542